000 00878nam a22002297a 4500
003 OSt
005 20250718061752.0
008 250718b |||||||| |||| 00| 0 eng d
020 _a9789712367250
040 _aDWCL-Main lib
_cOC
082 _aFil. 343.599 C116p 2014
100 _aCabulay, Danny Araneta
245 _aPhilippine tourism laws :
_b a comprehensive guide to studying laws relevant to the Philippine Tourism Industry/
_cDanny Araneta Cabulay
250 _aSecond edition
260 _aManila :
_bRex Book Store,
_c c2014.
300 _axii, 397 pages ;
_c 25 cm.
504 _aIncludes bibliographical references
650 _a1. Hotels--Law and legislation--Philippines.
650 _a2. Tourism--Law and legislation--Philippines.
650 _a3. Travel and tours--Law and legislation--Philippines.
942 _2ddc
_cBK - FIL
_e Second edition
_kFil.
_n0
999 _c3765
_d3765